000 00328nam a2200133Ia 4500
008 240624s9999 xx 000 0 und d
041 _aeng
082 _a302.35 GRE
100 _aGREENBERG
245 _aBEHAVIOR IN ORGANIZATIONS
250 _a(9th ed.)
260 _c2009
_aNew Delhi
_bPrentice-Hall of India
365 _cRS
_b27
999 _c15978
_d15978